000 00809nam a2200241Ia 4500
005 20251218104815.0
008 210716s2017 xx 000 0 und d
020 _a9788126564804
040 _cAIMIT LIBRARY
041 _aeng
082 _a005.764
_21
_bALHF
100 _aAlhlou, Feras.
_947717
245 _aGoogle analytics breakthrough :
_bfrom zero to business impact /
_cBy Feras Alhlou, Shiraz Asif and Eric Fettman.
250 _a1st ed.
260 _aNew Delhi :
_bWiley India Pvt Ltd ,
_c2017.
300 _axxii, 596p. ;
_c24 cm.
_bPB
650 _2Measurement strategy
650 _2Account creation and tracking code installation
650 _2Implementation customizations
700 _aAsif, Shiraz.
_947718
700 _aFettman, Eric.
_947719
942 _2ddc
_cBK
_e1st
_k005.764 ALHF
999 _c195757
_d195757